000 00810cab a2200253 4500
001 ABS59547
008 090401t1998 xxu||||| |||| 00| 0 eng d
035 _a(Sirsi) u89344
041 _aeng
245 _aKeeping a secret
260 _c1998
350 _a0
490 _aEstates Gazette
_v(9842) 17 October 1998, 162-163(2)
520 _aReviews the law governing `secret trusts`, where the identity of a true beneficiary is witheld. Whilst not common, the situation does sometimes arise in relation to property left in a will.
650 _aBENEFICIAL INTEREST
650 _aEXPRESS TRUSTS
650 _aLAW OF PROPERTY ACT 1925
650 _aSECRET TRUSTS
650 _aTRUST FUNDS
650 _aWILLS ACT 1837
690 _aPROPERTY LAW AND PRACTICE
942 _n0
948 _c28/10/1998
999 _c56515
_d56515